| 000 | 00409nam a2200145Ia 4500 | ||
|---|---|---|---|
| 005 | 20251222153551.0 | ||
| 008 | 251222s9999||||xx |||||||||||||| ||spa|| | ||
| 020 | _a84878906711 | ||
| 082 | _a345.01/P45 | ||
| 100 | _aPérez García, Pablo | ||
| 245 | 0 | _aEl Justicia Criminal de Valencia: | |
| 250 | _a1ra. ed. | ||
| 264 | _bConselleria de Cultura, Educació i Ciència Generalitat Valenciana | ||
| 942 | _cLIB | ||
| 999 |
_c30853 _d30853 |
||